Sister Carrie / Theodore Dreiser

Novela de realismo literario, gira en torno a Caroline "Sister Carrie" Meeber, una joven de 18 años que ha decidido cumplir su sueño, mudarse del campo a la ciudad, específicamente a Chicago, en donde formará relaciones amorosas con diversos hombres que considera cultos y atractivos, no ob...

Fuld beskrivelse

Guardado en:
Bibliografiske detaljer
Hovedforfatter: Dreiser, Theodore
Format: Bog
Sprog:Undetermined
Udgivet: New York, Estados Unidos The Modern Library 1917
Fag:
Tags: Tilføj Tag
Ingen Tags, Vær først til at tagge denne postø!

MARC

LEADER 00000nam a2200000Ia 4500
008 170316s9999 xx 000 0 und d
040 |a cru BVZT 
090 |a 810 D-12s 
100 |a Dreiser, Theodore 
245 |a Sister Carrie / Theodore Dreiser 
260 |a New York, Estados Unidos 
260 |b The Modern Library 
260 |c 1917 
300 |a 557 páginas 
520 |a Novela de realismo literario, gira en torno a Caroline "Sister Carrie" Meeber, una joven de 18 años que ha decidido cumplir su sueño, mudarse del campo a la ciudad, específicamente a Chicago, en donde formará relaciones amorosas con diversos hombres que considera cultos y atractivos, no obstante, debido a sus múltiples contactos, Caroline se convertirá en una famosa actriz, cumpliendo así su sueño americano. La obra escrita en 1900 por Theodore Dreiser, trata de brindar protagonismo al género femenino, que junto con sueños y esperanzas cautivaran a los lectores. 
650 |a LITERATURA ESTADOUNIDENSE  |9 25 
650 |a NOVELA  |9 13 
650 |a FICCIÓN  |9 26 
650 |a EN IDIOMA INGLÉS  |9 129 
999 |c 20945  |d 20945 
942 |c 15 D  |h 810 D-12s  |2 z